Verejná správa v Bavorsku

Systém verejnej správy v Bavorsku. Verejná služba a personalistika vo verejnej správe. Tri kategórie pracovníkov vo verejnej správe v Bavorsku - úradníci, zamestnanci a robotníci. Ústava a zákony SRN definujú niektoré práva a povinnosti úradníkov. Systém prijímania pracovníkov a kariérny postup. Urč...

Descrizione completa

Salvato in:
Dettagli Bibliografici
Autore principale: Polák, J.
Natura: Capitolo di libro
Lingua:slovacco
Soggetti:
Tags: Aggiungi Tag
Nessun Tag, puoi essere il primo ad aggiungerne!!

MARC

LEADER 00000naa a2200000 4500
001 r021237
005 20230825075443.5
041 0 |a slo 
044 |a SK 
245 1 0 |a Verejná správa v Bavorsku  |c J. Polák 
520 |a Systém verejnej správy v Bavorsku. Verejná služba a personalistika vo verejnej správe. Tri kategórie pracovníkov vo verejnej správe v Bavorsku - úradníci, zamestnanci a robotníci. Ústava a zákony SRN definujú niektoré práva a povinnosti úradníkov. Systém prijímania pracovníkov a kariérny postup. Určovanie percenta počtu pracovníkov vo verejnej správe. 
610 2 0 |a správa verejná 
610 2 0 |a Bavorsko 
610 2 0 |a Nemecko 
610 2 0 |a pracovníci 
610 2 0 |a zamestnanci 
610 2 0 |a politika personálna 
100 1 |a Polák, J.